Los anteojos negros o El caso del asesinato del psicólogo / (Record no. 39965)

MARC details
000 -LEADER
campo de control de longitud fija 00766nam a2200217 i 4500
001 - NÚMERO DE CONTROL
campo de control 39965
003 - IDENTIFICADOR DE NÚMERO DE CONTROL
campo de control ES-MaACL
005 - FECHA Y HORA DE LA ÚLTIMA TRANSACCIÓN
campo de control 20250805063237.0
007 - CAMPO FIJO DE DESCRIPCIÓN FÍSICA--INFORMACIÓN GENERAL
campo de control de longitud fija t|
008 - DATOS DE LONGITUD FIJA--INFORMACIÓN GENERAL
campo de control de longitud fija 030304s1956 sp ||||1| spa d
100 1# - ENTRADA PRINCIPAL--NOMBRE DE PERSONA
Nombre de persona Carr, John Dickson,
Fechas asociadas al nombre 1906-1977
9 (RLIN) 35468
245 14 - MENCIÓN DEL TÍTULO
Título Los anteojos negros o El caso del asesinato del psicólogo /
Mención de responsabilidad, etc. John Dickson Carr ; traducción de Marta Acosta van Praet.
260 ## - PUBLICACIÓN, DISTRIBUCIÓN, ETC.
Lugar de publicación, distribución, etc. Barcelona :
Nombre del editor, distribuidor, etc. E.D.H.A.S.A.,
Fecha de publicación, distribución, etc. [1956] (
Fabricante Vda. de Manuel Ponsa)
300 ## - DESCRIPCIÓN FÍSICA
Extensión 272 p. ;
Dimensiones 18 cm.
490 1# - MENCIÓN DE SERIE
Mención de serie El séptimo círculo
700 1# - ENTRADA AGREGADA--NOMBRE PERSONAL
Nombre de persona Acosta van Praet, Marta.
9 (RLIN) 18322
740 3# - ENTRADA AGREGADA--TÍTULO RELACIONADO/ANALÍTICO NO CONTROLADO
Título relacionado o analítico no controlado El caso del asesinato del psicólogo.
830 0# - PUNTO DE ACCESO ADICIONAL DE SERIE-TÍTULO UNIFORME
Título uniforme El séptimo círculo
9 (RLIN) 181830
852 ## - LOCALIZACIÓN
Ubicación ES-MaACL
Número de control de estantería C-11619
Sublocalización o colección R.39665
Holdings
Estatus retirado Estado de pérdida Estado de daño No para préstamo Biblioteca de origen Biblioteca actual Ubicación en estantería Fecha de adquisición Fuente de adquisición Total de préstamos Signatura topográfica completa Código de barras Visto por última vez Precio de reemplazo Tipo de ítem Koha
        Biblioteca del Ateneo de Madrid Biblioteca del Ateneo de Madrid Sala Palomar 17/01/2008     C-11619 1042082 23/02/2023 23/02/2023 Libro impreso